[Event "Schachklub Münster 32 e. V. 4 - SC Roc"]
[Site "Regionalliga, Gr. 1 2022/2023"]
[Date "2022.11.26"]
[Round "4.1"]
[White "Hiller, Simon"]
[Black "Jansen, Dirk"]
[Result "1/2-1/2"]
[WhiteElo "2157"]
[BlackElo "2012"]
[PlyCount "33"]
[EventDate "2022.??.??"]
[SourceTitle "Verband Muensterland"]
[SourceDate "2023.02.09"]
[SourceVersion "1"]
[SourceVersionDate "2023.02.09"]
[SourceQuality "1"]
[WhiteTeam "SC Rochade Emsdetten 1"]
[BlackTeam "Schachklub Münster 32 e. V. 4"]

1. Nf3 d5 2. c4 e6 3. g3 Nf6 4. Bg2 Be7 5. O-O O-O 6. b3 c5 7. e3 Nc6 8. Bb2 d4
9. exd4 cxd4 10. Re1 Re8 11. d3 Bc5 12. Ne5 Nxe5 13. Rxe5 Qd6 14. Re1 e5 15.
Nd2 Rb8 16. Ne4 Nxe4 17. Bxe4 1/2-1/2

[Event "Schachklub Münster 32 e. V. 4 - SC Roc"]
[Site "Regionalliga, Gr. 1 2022/2023"]
[Date "2022.11.26"]
[Round "4.2"]
[White "Vogenauer, Nikolas"]
[Black "Lemli, Thomas"]
[Result "1/2-1/2"]
[WhiteElo "1914"]
[BlackElo "1976"]
[PlyCount "46"]
[EventDate "2022.??.??"]
[SourceTitle "Verband Muensterland"]
[SourceDate "2023.02.09"]
[SourceVersion "1"]
[SourceVersionDate "2023.02.09"]
[SourceQuality "1"]
[WhiteTeam "Schachklub Münster 32 e. V. 4"]
[BlackTeam "SC Rochade Emsdetten 1"]

1. d4 d5 2. c4 e6 3. Nf3 Nf6 4. g3 dxc4 5. Bg2 c5 6. O-O Nc6 7. dxc5 Qxd1 8.
Rxd1 Bxc5 9. Nbd2 c3 10. bxc3 O-O 11. Nb3 Be7 12. Be3 Nd5 13. Bd2 Nb6 14. Nfd4
Bd7 15. Nxc6 Bxc6 16. Bxc6 bxc6 17. Na5 Rac8 18. Rab1 Rfd8 19. e4 f5 20. f3
fxe4 21. fxe4 Bf6 22. Nb7 Rd7 23. Nc5 Rd6 1/2-1/2

[Event "Schachklub Münster 32 e. V. 4 - SC Roc"]
[Site "Regionalliga, Gr. 1 2022/2023"]
[Date "2022.11.26"]
[Round "4.3"]
[White "Nordholt, Uwe"]
[Black "Spillmann, Peter"]
[Result "0-1"]
[WhiteElo "1849"]
[BlackElo "1868"]
[PlyCount "84"]
[EventDate "2022.??.??"]
[SourceTitle "Verband Muensterland"]
[SourceDate "2023.02.09"]
[SourceVersion "1"]
[SourceVersionDate "2023.02.09"]
[SourceQuality "1"]
[WhiteTeam "SC Rochade Emsdetten 1"]
[BlackTeam "Schachklub Münster 32 e. V. 4"]

1. d4 e6 2. c4 f5 3. Nf3 Nf6 4. Nc3 Be7 5. e3 O-O 6. Bd3 d6 7. O-O Nc6 8. a3 e5
9. d5 Nb8 10. Be2 a5 11. b3 Na6 12. Bb2 Nc5 13. b4 Na6 14. Qb3 b6 15. c5 Kh8
16. Bxa6 Bxa6 17. b5 Bc8 18. cxd6 Bxd6 19. Nd2 Bb7 20. Rad1 Qe7 21. Nc4 Nd7 22.
a4 Nc5 23. Qc2 Rad8 24. e4 f4 25. Nxd6 cxd6 26. Ba3 f3 27. Bxc5 bxc5 28. gxf3
Rxf3 29. Rd3 Rdf8 30. Ne2 Qf7 31. Ng3 g6 32. Kg2 Bc8 33. h3 h5 34. Qe2 Rf4 35.
f3 Kg7 36. Qd2 Qe7 37. Qxa5 Qg5 38. Kf2 Bxh3 39. Rg1 Bg4 40. Nf5+ gxf5 41. Rg3
fxe4 42. Re3 h4 0-1

[Event "Schachklub Münster 32 e. V. 4 - SC Roc"]
[Site "Regionalliga, Gr. 1 2022/2023"]
[Date "2022.11.26"]
[Round "4.4"]
[White "Schulz, Stefan"]
[Black "Wehmeier, Sven"]
[Result "1/2-1/2"]
[WhiteElo "1840"]
[BlackElo "1807"]
[PlyCount "32"]
[EventDate "2022.??.??"]
[SourceTitle "Verband Muensterland"]
[SourceDate "2023.02.09"]
[SourceVersion "1"]
[SourceVersionDate "2023.02.09"]
[SourceQuality "1"]
[WhiteTeam "Schachklub Münster 32 e. V. 4"]
[BlackTeam "SC Rochade Emsdetten 1"]

1. d4 Nf6 2. Nf3 g6 3. g3 Bg7 4. Bg2 d5 5. O-O O-O 6. c3 c6 7. Re1 Ne4 8. Nbd2
f5 9. Qc2 Qd6 10. a4 Nd7 11. b3 Ndf6 12. Ne5 Nxd2 13. Bxd2 Ne4 14. f4 c5 15. e3
Be6 16. Rec1 Rfc8 1/2-1/2

[Event "Schachklub Münster 32 e. V. 4 - SC Roc"]
[Site "Regionalliga, Gr. 1 2022/2023"]
[Date "2022.11.26"]
[Round "4.5"]
[White "Hemmers, Dieter"]
[Black "Schoepper, Oliver"]
[Result "1-0"]
[WhiteElo "1765"]
[BlackElo "1778"]
[PlyCount "83"]
[EventDate "2022.??.??"]
[SourceTitle "Verband Muensterland"]
[SourceDate "2023.02.09"]
[SourceVersion "1"]
[SourceVersionDate "2023.02.09"]
[SourceQuality "1"]
[WhiteTeam "SC Rochade Emsdetten 1"]
[BlackTeam "Schachklub Münster 32 e. V. 4"]

1. e4 Nf6 2. e5 Nd5 3. d4 d6 4. exd6 exd6 5. c4 Nf6 6. Nc3 Be7 7. Bd3 O-O 8.
Nge2 Nc6 9. a3 d5 10. O-O dxc4 11. Bxc4 Bf5 12. h3 Qd7 13. Bf4 Rad8 14. d5 Na5
15. Ba2 c5 16. Ng3 Bg6 17. Qf3 c4 18. Rfe1 Rfe8 19. Rad1 Bd3 20. Re5 Bd6 21.
Rxe8+ Qxe8 22. Bg5 Be5 23. Re1 Rd6 24. Qe3 Nd7 25. Bf4 f6 26. Qxa7 Qd8 27. Bxe5
Nxe5 28. Qe3 Rb6 29. f4 Ng6 30. Na4 Rd6 31. Nc3 Rb6 32. Bb1 Rxb2 33. Bxd3 cxd3
34. Qe6+ Kf8 35. d6 Nxf4 36. Qe7+ Qxe7 37. dxe7+ Ke8 38. Re4 Rxg2+ 39. Kf1 Rxg3
40. Nb5 Rf3+ 41. Kg1 Ne2+ 42. Kg2 1-0

[Event "Schachklub Münster 32 e. V. 4 - SC Roc"]
[Site "Regionalliga, Gr. 1 2022/2023"]
[Date "2022.11.26"]
[Round "4.6"]
[White "Schlagheck, Thomas"]
[Black "Weist, Thorsten"]
[Result "1/2-1/2"]
[WhiteElo "1624"]
[BlackElo "1731"]
[PlyCount "44"]
[EventDate "2022.??.??"]
[SourceTitle "Verband Muensterland"]
[SourceDate "2023.02.09"]
[SourceVersion "1"]
[SourceVersionDate "2023.02.09"]
[SourceQuality "1"]
[WhiteTeam "Schachklub Münster 32 e. V. 4"]
[BlackTeam "SC Rochade Emsdetten 1"]

1. c4 Nf6 2. d4 g6 3. Nc3 Bg7 4. Nf3 d6 5. e3 O-O 6. Be2 Nbd7 7. O-O e5 8. dxe5
Nxe5 9. Nxe5 dxe5 10. b3 e4 11. Bb2 c6 12. Qxd8 Rxd8 13. Rad1 Be6 14. Rxd8+
Rxd8 15. Rd1 Rxd1+ 16. Nxd1 Nd7 17. Bxg7 Kxg7 18. Nc3 f5 19. Kf1 Kf6 20. h4 h6
21. Bd1 g5 22. hxg5+ hxg5 1/2-1/2

[Event "Schachklub Münster 32 e. V. 4 - SC Roc"]
[Site "Regionalliga, Gr. 1 2022/2023"]
[Date "2022.11.26"]
[Round "4.7"]
[White "Bahr, Maximilian"]
[Black "Raschke, Wolf Dieter"]
[Result "1/2-1/2"]
[WhiteElo "1744"]
[BlackElo "1670"]
[PlyCount "70"]
[EventDate "2022.??.??"]
[SourceTitle "Verband Muensterland"]
[SourceDate "2023.02.09"]
[SourceVersion "1"]
[SourceVersionDate "2023.02.09"]
[SourceQuality "1"]
[WhiteTeam "SC Rochade Emsdetten 1"]
[BlackTeam "Schachklub Münster 32 e. V. 4"]

1. e4 e6 2. d4 d5 3. e5 c5 4. c3 Nc6 5. Nf3 Qb6 6. Bd3 cxd4 7. O-O Bd7 8. Re1
Be7 9. Bc2 Rc8 10. a3 dxc3 11. Nxc3 a6 12. Be3 Qc7 13. Kh1 b5 14. Rc1 Na5 15.
Bd3 Qb7 16. Qe2 Nc4 17. Bf4 Bc5 18. Ng5 h6 19. Qh5 hxg5 20. Qxh8 gxf4 21. Qxg8+
Bf8 22. Bxc4 Rxc4 23. Qh7 Bc6 24. f3 b4 25. Ne2 bxa3 26. bxa3 Bxa3 27. Rxc4
dxc4 28. Rb1 Bb5 29. Qc2 Qd5 30. Qc3 Qd3 31. Qe1 Qe3 32. Qa5 Bc5 33. Nc3 Bb6
34. Qb4 Bc5 35. Qa5 Bb6 1/2-1/2

[Event "Schachklub Münster 32 e. V. 4 - SC Roc"]
[Site "Regionalliga, Gr. 1 2022/2023"]
[Date "2022.11.26"]
[Round "4.8"]
[White "Redemann, Rolf"]
[Black "Borgmann, Simon"]
[Result "1/2-1/2"]
[WhiteElo "1516"]
[BlackElo "1630"]
[PlyCount "28"]
[EventDate "2022.??.??"]
[SourceTitle "Verband Muensterland"]
[SourceDate "2023.02.09"]
[SourceVersion "1"]
[SourceVersionDate "2023.02.09"]
[SourceQuality "1"]
[WhiteTeam "Schachklub Münster 32 e. V. 4"]
[BlackTeam "SC Rochade Emsdetten 1"]

1. e4 d5 2. exd5 Qxd5 3. Nc3 Qa5 4. Nf3 Nf6 5. Bb5+ Bd7 6. Bxd7+ Nbxd7 7. O-O
e6 8. d3 c6 9. Be3 Bd6 10. h3 Qc7 11. Qd2 O-O 12. Rad1 Rad8 13. Bg5 Be7 14. Qe3
Qb6 1/2-1/2

[Event "SK Metelen 1 - SK Bocholt 1"]
[Site "Regionalliga, Gr. 1 2022/2023"]
[Date "2022.11.26"]
[Round "4.1"]
[White "Fuest, Martin"]
[Black "Koch, Alexander"]
[Result "1/2-1/2"]
[WhiteElo "2150"]
[BlackElo "2028"]
[PlyCount "51"]
[EventDate "2022.??.??"]
[SourceTitle "Verband Muensterland"]
[SourceDate "2023.02.09"]
[SourceVersion "1"]
[SourceVersionDate "2023.02.09"]
[SourceQuality "1"]
[WhiteTeam "SK Bocholt 1"]
[BlackTeam "SK Metelen 1"]

1. d4 Nf6 2. Nf3 g6 3. g3 Bg7 4. Bg2 d5 5. c4 O-O 6. cxd5 Nxd5 7. O-O c6 8. Nc3
Nd7 9. e4 Nxc3 10. bxc3 e5 11. a4 Re8 12. Qc2 exd4 13. cxd4 c5 14. Bg5 f6 15.
Be3 cxd4 16. Nxd4 Ne5 17. h3 Kh8 18. Rab1 Re7 19. Rfd1 Bd7 20. Qb3 Qe8 21. Ra1
a6 22. a5 Nc6 23. Qa3 Nxd4 24. Bxd4 Bc6 25. Rab1 Re6 26. f3 1/2-1/2

[Event "SK Metelen 1 - SK Bocholt 1"]
[Site "Regionalliga, Gr. 1 2022/2023"]
[Date "2022.11.26"]
[Round "4.2"]
[White "Bernink, Henk"]
[Black "Liesmann, Karsten"]
[Result "0-1"]
[WhiteElo "2012"]
[BlackElo "1974"]
[PlyCount "74"]
[EventDate "2022.??.??"]
[SourceTitle "Verband Muensterland"]
[SourceDate "2023.02.09"]
[SourceVersion "1"]
[SourceVersionDate "2023.02.09"]
[SourceQuality "1"]
[WhiteTeam "SK Metelen 1"]
[BlackTeam "SK Bocholt 1"]

1. d4 e6 2. c4 d5 3. Nc3 c5 4. cxd5 exd5 5. Nf3 Nf6 6. g3 Nc6 7. Bg2 Be7 8. O-O
O-O 9. Bg5 c4 10. Ne5 Be6 11. f4 Ng4 12. Bxe7 Nxe7 13. Nxg4 Bxg4 14. h3 Be6 15.
g4 f5 16. e3 Qd7 17. Bf3 b5 18. a3 a5 19. a4 b4 20. Nb5 Qb7 21. Qe2 Qb6 22. Qg2
Rad8 23. Rad1 Kh8 24. Rfe1 Bd7 25. gxf5 Bxb5 26. axb5 Qxb5 27. e4 dxe4 28. Bxe4
Nxf5 29. Qg5 Nd6 30. d5 Qc5+ 31. Kh1 Nxe4 32. Rxe4 Rde8 33. Rde1 Rxe4 34. Rxe4
h6 35. Qe5 Rd8 36. d6 Qxd6 37. Rxc4 Qd3 0-1

[Event "SK Metelen 1 - SK Bocholt 1"]
[Site "Regionalliga, Gr. 1 2022/2023"]
[Date "2022.11.26"]
[Round "4.3"]
[White "Kuhlenbaeumer, Willi"]
[Black "Zachej, Arne"]
[Result "1/2-1/2"]
[WhiteElo "1935"]
[BlackElo "1849"]
[PlyCount "27"]
[EventDate "2022.??.??"]
[SourceTitle "Verband Muensterland"]
[SourceDate "2023.02.09"]
[SourceVersion "1"]
[SourceVersionDate "2023.02.09"]
[SourceQuality "1"]
[WhiteTeam "SK Bocholt 1"]
[BlackTeam "SK Metelen 1"]

1. e4 c5 2. d4 cxd4 3. c3 dxc3 4. Nxc3 e6 5. Bc4 a6 6. a4 Qc7 7. Qe2 Nc6 8. Nf3
Bc5 9. O-O Nge7 10. Rd1 O-O 11. Be3 d6 12. Rac1 Ng6 13. Ba2 h6 14. h4 1/2-1/2

[Event "SK Metelen 1 - SK Bocholt 1"]
[Site "Regionalliga, Gr. 1 2022/2023"]
[Date "2022.11.26"]
[Round "4.4"]
[White "Wigger, Frank"]
[Black "Sell, Markus"]
[Result "1-0"]
[WhiteElo "1848"]
[BlackElo "1820"]
[PlyCount "87"]
[EventDate "2022.??.??"]
[SourceTitle "Verband Muensterland"]
[SourceDate "2023.02.09"]
[SourceVersion "1"]
[SourceVersionDate "2023.02.09"]
[SourceQuality "1"]
[WhiteTeam "SK Metelen 1"]
[BlackTeam "SK Bocholt 1"]

1. e4 d6 2. d4 Nf6 3. Nc3 g6 4. Be3 Bg7 5. Qd2 c6 6. Bh6 Bxh6 7. Qxh6 Qa5 8.
Bd3 b5 9. Nf3 b4 10. Ne2 Qh5 11. Qd2 c5 12. Ng3 Qg4 13. Bb5+ Nfd7 14. dxc5 a6
15. Bxd7+ Qxd7 16. Qxb4 Nc6 17. Qc3 O-O 18. O-O dxc5 19. Qxc5 Qb7 20. b3 Be6
21. Nd4 Nxd4 22. Qxd4 Rfd8 23. Qe3 Rd6 24. Rfd1 Rdd8 25. Rd3 Rxd3 26. cxd3 Qd7
27. Rd1 a5 28. d4 a4 29. d5 Qb5 30. Qe2 Qxe2 31. Nxe2 axb3 32. axb3 Bc8 33. Rc1
Ba6 34. Nd4 Bd3 35. f3 e5 36. Nc6 Re8 37. Kf2 f5 38. Ke3 fxe4 39. fxe4 Bb5 40.
Rc5 Bf1 41. g3 Bh3 42. Ra5 Bd7 43. b4 Kf7 44. Ra7 1-0

[Event "SK Metelen 1 - SK Bocholt 1"]
[Site "Regionalliga, Gr. 1 2022/2023"]
[Date "2022.11.26"]
[Round "4.5"]
[White "Hunhoff, Andreas"]
[Black "Denkler, Jürgen"]
[Result "1/2-1/2"]
[WhiteElo "1772"]
[BlackElo "1700"]
[PlyCount "29"]
[EventDate "2022.??.??"]
[SourceTitle "Verband Muensterland"]
[SourceDate "2023.02.09"]
[SourceVersion "1"]
[SourceVersionDate "2023.02.09"]
[SourceQuality "1"]
[WhiteTeam "SK Bocholt 1"]
[BlackTeam "SK Metelen 1"]

1. f4 d5 2. Nf3 Nf6 3. e3 c5 4. Be2 Nc6 5. d3 e6 6. O-O g6 7. Nbd2 Bg7 8. c3
O-O 9. Ne5 Qc7 10. Nxc6 Qxc6 11. Bf3 Qb6 12. Qb3 Qxb3 13. Nxb3 b6 14. Rd1 Bb7
15. d4 1/2-1/2

[Event "SK Metelen 1 - SK Bocholt 1"]
[Site "Regionalliga, Gr. 1 2022/2023"]
[Date "2022.11.26"]
[Round "4.6"]
[White "Gravenkoetter, Christian"]
[Black "Buessing, Olaf"]
[Result "0-1"]
[WhiteElo "1648"]
[BlackElo "1752"]
[PlyCount "82"]
[EventDate "2022.??.??"]
[SourceTitle "Verband Muensterland"]
[SourceDate "2023.02.09"]
[SourceVersion "1"]
[SourceVersionDate "2023.02.09"]
[SourceQuality "1"]
[WhiteTeam "SK Metelen 1"]
[BlackTeam "SK Bocholt 1"]

1. e4 c5 2. f4 Nc6 3. Nf3 d6 4. Bb5 Bd7 5. O-O g6 6. Nc3 Bg7 7. Bxc6 Bxc6 8. d3
Qc7 9. Qe1 O-O-O 10. Rb1 e6 11. b4 cxb4 12. Rxb4 Qa5 13. Rb3 Bxc3 14. Rxc3 Ne7
15. Nd4 Kd7 16. Ra3 Qxe1 17. Rxe1 a6 18. Bb2 Rhg8 19. Nxc6 Nxc6 20. Bf6 Rb8 21.
d4 Rgc8 22. c3 Na7 23. d5 Nb5 24. Rb3 Rc4 25. Rb4 Rbc8 26. Rxc4 Rxc4 27. g3
Nxc3 28. dxe6+ fxe6 29. Bxc3 Rxc3 30. Re2 b5 31. Kg2 b4 32. Rb2 a5 33. h4 h5
34. Kf2 Kc6 35. Re2 Kc5 36. g4 hxg4 37. Re3 Kd4 38. Rg3 Rxg3 39. Kxg3 Kxe4 40.
Kxg4 a4 41. Kg5 b3 0-1

[Event "SK Metelen 1 - SK Bocholt 1"]
[Site "Regionalliga, Gr. 1 2022/2023"]
[Date "2022.11.26"]
[Round "4.7"]
[White "Steiner, Karl"]
[Black "Knocks, Elmar"]
[Result "0-1"]
[WhiteElo "1860"]
[BlackElo "1702"]
[PlyCount "60"]
[EventDate "2022.??.??"]
[SourceTitle "Verband Muensterland"]
[SourceDate "2023.02.09"]
[SourceVersion "1"]
[SourceVersionDate "2023.02.09"]
[SourceQuality "1"]
[WhiteTeam "SK Bocholt 1"]
[BlackTeam "SK Metelen 1"]

1. c4 Nf6 2. Nf3 d5 3. cxd5 Nxd5 4. d4 e6 5. e4 Nb6 6. Nc3 Be7 7. Be2 O-O 8.
O-O N8d7 9. Be3 Nf6 10. h3 Bd7 11. Qc2 Rc8 12. a4 a5 13. Rfd1 h6 14. d5 exd5
15. exd5 Bd6 16. Qb3 Re8 17. Kf1 Bb4 18. Nb5 Nfxd5 19. Rxd5 Nxd5 20. Qxd5 c6
21. Qd4 cxb5 22. axb5 Bc5 23. Qf4 Bxe3 24. fxe3 Qb6 25. Ne5 Be6 26. Bd3 f6 27.
Qe4 fxe5 28. Qh7+ Kf8 29. Bg6 Bg8 30. Qh8 Qxg6 0-1

[Event "SK Metelen 1 - SK Bocholt 1"]
[Site "Regionalliga, Gr. 1 2022/2023"]
[Date "2022.11.26"]
[Round "4.8"]
[White "Buijnsters, Floris"]
[Black "Boeing, Frank"]
[Result "1-0"]
[WhiteElo "1755"]
[BlackElo "1780"]
[PlyCount "110"]
[EventDate "2022.??.??"]
[SourceTitle "Verband Muensterland"]
[SourceDate "2023.02.09"]
[SourceVersion "1"]
[SourceVersionDate "2023.02.09"]
[SourceQuality "1"]
[WhiteTeam "SK Metelen 1"]
[BlackTeam "SK Bocholt 1"]

1. e4 e6 2. d4 d5 3. Nd2 Nf6 4. e5 Nfd7 5. Bd3 c5 6. c3 Nc6 7. Ne2 Qb6 8. Nf3
cxd4 9. cxd4 Bb4+ 10. Bd2 f6 11. exf6 Nxf6 12. O-O O-O 13. Bxb4 Qxb4 14. Qc2
Qd6 15. h3 Nb4 16. Qd2 Nxd3 17. Qxd3 Bd7 18. Ne5 a6 19. Nc3 Rae8 20. Rae1 b5
21. a3 Bc8 22. b4 Nd7 23. Na2 Nb6 24. Nc1 Nc4 25. Qc3 Rf5 26. Ncd3 Ref8 27. Re2
Qb6 28. Rfe1 Qd8 29. Rf1 Qh4 30. Ng4 h5 31. Nge5 Kh7 32. Ne1 Nxe5 33. dxe5 Qg5
34. Re3 Qd8 35. Nf3 Rf4 36. Nd4 Qb6 37. Rd3 Bd7 38. Qd2 Be8 39. Nf3 Bg6 40. Rd4
Rxf3 41. gxf3 Rxf3 42. Kh2 Bf5 43. Rh4 g6 44. Qe2 Rc3 45. Rxh5+ Kg7 46. Qd2
gxh5 47. Qxc3 Qb8 48. Rg1+ Kh7 49. f4 Qd8 50. Qc6 Kh6 51. Qd6 Qe8 52. Rg5 Qf7
53. Qd8 Bg6 54. Qh8+ Bh7 55. Qf6+ Bg6 1-0